00746nam a2200205 i 450000100060000000300090000600500170001500700030003200800410003502000180007608000230009410000340011724501390015126000710029030000300036160000310039170000460042271000390046885200330050714908ES-MaACL20240607062953.0t|991117s1999 sp ||||1| spa d a84-95078-89-9 a929 Diego, Gerardo0 aPiñer, Luis A., d1910-199910aMemoria de Gerardo Diego b: (de los cuadernos de Luis A. Piñer) /cedición, prólogo y notas de Juan Manuel Díaz de Guereñu. aMadrid : bPublicaciones de la Residencia de Estudiantes, c[1999] a115 p. : bil. ; c24 cm.14aDiego, Gerardo,d1896-19870 aDíaz de Guereñu, Juan Manuel, d1956-2 aResidencia de Estudiantes (Madrid) aES-MaACLjL-22151 bR.127513